| 000 | 01456cam a2200373 a 4500 | ||
|---|---|---|---|
| 001 | 15131562 | ||
| 003 | GBCCL | ||
| 005 | 20241126110407.0 | ||
| 008 | 080108s2007 enk bd 001 0deng d | ||
| 010 | _a 2008296012 | ||
| 020 | _a9781844742134 (U.K.) | ||
| 020 | _a184474213X (U.K.) | ||
| 020 | _a9780830824533 (U.S.) | ||
| 020 | _a0830824537 (U.S.) | ||
| 035 | _a(OCoLC)ocn166387248 | ||
| 040 |
_aBTCTA _cBTCTA _dYDXCP _dBAKER _dCFT _dBWK _dTEF _dDLC |
||
| 042 | _alccopycat | ||
| 050 | 0 | 0 |
_aBV2040 _b.D54 2007 |
| 082 | 0 | 0 |
_a266.003 _222 _bDIC |
| 245 | 0 | 0 |
_aDictionary of mission theology : _bevangelical foundations / _ceditor, John Corrie ; consulting editors, J. Samuel Escobar, Wilbert R. Shenk ; regional advisors, Rosemary M. Dowsett ... [et al.] ; organizing editor, Steve Carter. |
| 246 | 3 | 0 | _aMission theology |
| 260 |
_aNottingham, England ; _aDowners Grove, Ill. : _bInterVarsity Press, _c2007. |
||
| 300 |
_a461 p. ; _c24 cm. |
||
| 504 | _aIncludes bibliographical references and indexes. | ||
| 650 | 0 |
_aMissions _vDictionaries. _93514 |
|
| 650 | 0 |
_aMissions _xTheory _vDictionaries. _93515 |
|
| 650 | 0 |
_aTheology _vDictionaries. _91723 |
|
| 700 | 1 |
_aCorrie, John, _cPh. D. _93516 |
|
| 700 | 1 |
_aEscobar, Samuel, _d1934- _93517 |
|
| 700 | 1 |
_aShenk, Wilbert R. _91305 |
|
| 906 |
_a7 _bcbc _ccopycat _d2 _encip _f20 _gy-gencatlg |
||
| 942 |
_2ddc _cREF |
||
| 999 |
_c1712 _d1712 |
||